Islamic Leviathan : (Record no. 13309)
[ view plain ]
| 000 -LEADER | |
|---|---|
| fixed length control field | 01447cam a2200325 a 4500 |
| 001 - CONTROL NUMBER | |
| control field | 12148320 |
| 005 - DATE AND TIME OF LATEST TRANSACTION | |
| control field | 20060721183748.0 |
| 008 - FIXED-LENGTH DATA ELEMENTS--GENERAL INFORMATION | |
| fixed length control field | 000818s2001 enk |rb 001 0 eng |
| 010 ## - LIBRARY OF CONGRESS CONTROL NUMBER | |
| LC control number | 00064968 |
| 020 ## - INTERNATIONAL STANDARD BOOK NUMBER | |
| International Standard Book Number | 0195144260 (acidfree paper) |
| 040 ## - CATALOGING SOURCE | |
| Original cataloging agency | DLC |
| Transcribing agency | DLC |
| Modifying agency | DLC |
| 043 ## - GEOGRAPHIC AREA CODE | |
| Geographic area code | a-my--- |
| -- | a-pk--- |
| 050 00 - LIBRARY OF CONGRESS CALL NUMBER | |
| Classification number | DS597.2 |
| Item number | .N37 2001 |
| 082 00 - DEWEY DECIMAL CLASSIFICATION NUMBER | |
| Classification number | 322.1095491 |
| Edition number | 22 |
| Item number | NAS |
| 100 1# - MAIN ENTRY--PERSONAL NAME | |
| Personal name | Nasr, Seyyed Vali Reza, |
| Dates associated with a name | 1960- |
| 9 (RLIN) | 11076 |
| 245 10 - TITLE STATEMENT | |
| Title | Islamic Leviathan : |
| Remainder of title | Islam and the Making of State Power / |
| Statement of responsibility, etc | Seyyed Vali Reza Nasr. |
| 260 ## - PUBLICATION, DISTRIBUTION, ETC. (IMPRINT) | |
| Place of publication, distribution, etc | Oxford ; |
| -- | New York : |
| Name of publisher, distributor, etc | Oxford University Press, 2001 |
| Date of publication, distribution, etc | 2001. |
| 300 ## - PHYSICAL DESCRIPTION | |
| Extent | x, 231 p. ; |
| Dimensions | 24 cm. |
| 440 #0 - | |
| -- | 11077 |
| 490 ## - Series Statement | |
| Series statement | Religion and global politics |
| 504 ## - BIBLIOGRAPHY, ETC. NOTE | |
| Bibliography, etc | Includes bibliographical references (p. 207-226) and index. |
| 650 #0 - SUBJECT ADDED ENTRY--TOPICAL TERM | |
| Topical term or geographic name as entry element | Islam and politics |
| Geographic subdivision | Malaysia. |
| 9 (RLIN) | 11078 |
| 650 #0 - SUBJECT ADDED ENTRY--TOPICAL TERM | |
| Topical term or geographic name as entry element | Islam and politics |
| Geographic subdivision | Pakistan. |
| 9 (RLIN) | 11079 |
| 651 #0 - SUBJECT ADDED ENTRY--GEOGRAPHIC NAME | |
| Geographic name | Malaysia |
| General subdivision | Politics and government. |
| 9 (RLIN) | 11080 |
| 651 #0 - SUBJECT ADDED ENTRY--GEOGRAPHIC NAME | |
| Geographic name | Pakistan |
| General subdivision | Politics and government |
| Chronological subdivision | 1988- |
| 9 (RLIN) | 11081 |
| 856 42 - ELECTRONIC LOCATION AND ACCESS | |
| Materials specified | Publisher description |
| Uniform Resource Identifier | <a href="http://www.loc.gov/catdir/enhancements/fy0610/00064968-d.html">http://www.loc.gov/catdir/enhancements/fy0610/00064968-d.html</a> |
| 942 ## - ADDED ENTRY ELEMENTS (KOHA) | |
| Source of classification or shelving scheme | Dewey Decimal Classification |
| Item type | Book - Borrowing |
| Withdrawn status | Item status | Source of classification or shelving scheme | Damaged status | Not for loan | Vendor | Home library | Current library | Shelving location | Date acquired | Source of acquisition | Cost, normal purchase price | Serial Enumeration / chronology | Total Checkouts | Total Renewals | Full call number | Barcode | Date last seen | Date last borrowed | Koha item type |
|---|---|---|---|---|---|---|---|---|---|---|---|---|---|---|---|---|---|---|---|
| Dewey Decimal Classification | AUC | Central Library | Central Library | First floor | 08/02/2010 | 200.00 | 2 | 8 | 19 | 322.1095491 NAS | 000019538 | 15/07/2025 | 09/10/2019 | Book - Borrowing |